| 000 | 02319nam a22003735i 4500 | ||
|---|---|---|---|
| 001 | 169854 | ||
| 003 | ES-MaACL | ||
| 005 | 20250827053508.0 | ||
| 008 | 081209s1821 fr |||| | fre d | ||
| 080 | _a821.133.1-2"17" | ||
| 245 | 0 | 0 |
_aRépertoire général du théatre français. _pThéatre du second ordre : _bTragédies. |
| 260 |
_aParis : _bMme. Veuve Dabo, _c1821. |
||
| 300 |
_a5 t. en 2 v. ; _c13 cm. |
||
| 490 | 1 |
_aRépertoire général du théatre français ; _v30-34 |
|
| 505 | 8 | _aContiene: III. Inès de Castro, tragédie / par Lamotte-Houdart . Gustave-Wasa / par Piron . Didon / par Lefranc de Pompignan . Mahomet second / par Lanoue - IV. Les troyennes / par Chateaubrun . Briséis ou La colère d'Achille / par Poinsinet de Sivry . Iphigénie en Tauride / par Guymond de La Touche . Hypermnestre / par Lemierre - V. La veuve du Malabar ou l'empire des coutumes / par Lemierre . Spartacus / par Saurin . Blanche et Guiscard / par Saurin . Caliste / par Colardeau - VI. Zelmire / par De Belloy . Le siège de Calais / par De Belloy . Gaston et Bayard / par De Belloy . Pierre le cruel / par De Belloy . Gabrielle de Vergy / par De Belloy - VII. Le comte de Warwick / par Le Harpe . Philoctète / par Le Harpe . Coriolan / par Le Harpe . Orphanis / par Blin de Sainmore . Mustapha et Zéangir / par Champfort. | |
| 650 | 4 |
_aTeatro francés- _yS.XVIII. _9136909 |
|
| 700 | 1 |
_aLa Motte, Antoine Houdar de. _9139034 |
|
| 700 | 1 |
_aPiron, Alexis. _9139028 |
|
| 700 | 1 |
_aPompignan, Jean-Jacques Lefranc. _9139032 |
|
| 700 | 1 |
_aLanoue, Jean-Baptiste de. _9139033 |
|
| 700 | 1 |
_aChateaubrun, Jean-Baptiste Vivien de. _9139035 |
|
| 700 | 1 |
_aGuimond de La Touche, Claude. _9139037 |
|
| 700 | 1 |
_aLe Mierre, Antoine-Marin. _9139038 |
|
| 700 | 1 |
_aSaurin, Bernard-Joseph. _9139039 |
|
| 700 | 1 |
_aColardeau, Charles-Pierre. _9139040 |
|
| 700 | 1 |
_aBelloy, Pierre Laurent de. _9139041 |
|
| 700 | 1 |
_aLa Harpe, Jean-François de, _d1739-1803 _9139042 |
|
| 700 | 1 |
_aBlin de Sainmore, Adrien-Michel-Hyacinthe. _9139043 |
|
| 700 | 1 |
_aChampfort, Sébastien-Roch-Nicolas. _9139044 |
|
| 700 | 1 |
_aPoinsinet de Sivry, Louis. _9139036 |
|
| 830 | 1 |
_aRépertoire général du théatre français ; _v30-34 _9188906 |
|
| 852 |
_aES-MaACL _jE-12321-22 _z- Biblioteca Jacinto Martínez Lacalle |
||
| 999 |
_c169854 _d169854 |
||